Logisztikai információs rendszerek
| Szerző: | |
|---|---|
| További közreműködők: | |
| Dokumentumtípus: | Projektmunka |
| Kulcsszavak: | áru(k) árukészlet logisztika logisztikai rendszer raktárkészlet |
| Online Access: | http://dolgozattar.uni-bge.hu/60070 |
MARC
| LEADER | 00000nnm a2200000 i 4500 | ||
|---|---|---|---|
| 001 | dolg60070 | ||
| 005 | 20260409145938.0 | ||
| 008 | 260409suuuu hu o 000 hun d | ||
| 040 | |a BGE Dolgozattár Repozitórium |b hun | ||
| 041 | |a hu | ||
| 100 | 1 | |a Rózsa Emese Gyöngyi | |
| 245 | 1 | 0 | |a Logisztikai információs rendszerek |c Rózsa Emese Gyöngyi |h [elektronikus dokumentum] |
| 516 | |a Project_work | ||
| 520 | 3 | |a A kereskedelem folyamatosan változó és gyors ütemben fejlődő világában kiemelten fontos szerepet játszik az árumozgás hatékonysága, valamint a készletek pontos és naprakész kezelése. A versenyképesség fenntartása érdekében a vállalatok egyre inkább törekednek arra, hogy modern technológiai megoldásokat alkalmazzanak a logisztikai folyamatok optimalizálása érdekében. Ebben a kontextusban különös figyelmet érdemelnek az áruazonosító rendszerek, amelyek nélkülözhetetlen eszközzé váltak a logisztikai és kereskedelmi szektorban. Az áruazonosító rendszerek, mint például a vonalkódok, az RFID (Radio Frequency Identification) technológia vagy a QR-kódok, jelentős mértékben hozzájárulnak a termékek pontos azonosításához, nyomon követéséhez és az adatok hatékony kezeléséhez. Ezek a rendszerek lehetővé teszik a vállalatok számára, hogy valós idejű információkhoz jussanak a termékek helyzetéről, mennyiségéről és állapotáról, ami alapvető fontosságú a logisztikai lánc zökkenőmentes működéséhez. Az automatizált adatrögzítés csökkenti az emberi hibák lehetőségét, növeli az adminisztrációs pontosságot, és hozzájárul a gyorsabb ügyfélkiszolgáláshoz is. A dolgozat célja, hogy részletesen bemutassa a saját, a RABEN GROUP-nál szerzett szakmai gyakorlatom során tapasztalt élményeket és megfigyeléseket is, amelyek révén személyes képet nyerhettem az áruazonosítás gyakorlati alkalmazásáról. A mindennapi munkafolyamatokba való betekintés lehetővé tette számomra, hogy a tanult elméleti ismereteket összevessem a valóságban tapasztalt gyakorlati megvalósítással, ezáltal nagyábból átfogó képet kapjak az áruazonosító rendszerek szerepéről, hasznosságáról és jövőbeni lehetőségeiről a logisztikában. | |
| 695 | |a áru(k) | ||
| 695 | |a árukészlet | ||
| 695 | |a logisztika | ||
| 695 | |a logisztikai rendszer | ||
| 695 | |a raktárkészlet | ||
| 700 | 1 | |a Bányai Dr. Kornél |e ths | |
| 856 | 4 | 0 | |u http://dolgozattar.uni-bge.hu/60070/1/szakdolgozat%20doksii%20j%C3%B3%C3%B3%C3%B3%20%2005.07-7.pdf |z Dokumentum-elérés |
| 856 | 4 | 0 | |u http://dolgozattar.uni-bge.hu/60070/2/R%C3%B3zsa_Emese_Gy%C3%B6ngyi_b%C3%ADr%C3%A1lat.pdf |z Dokumentum-elérés |